Tiempo de guerra : (Registro nro. 11395)
[ vista simple ]
| 000 -Cabecera | |
|---|---|
| Campo de control interno | 00897nam a2200241Ia 4500 |
| 005 - Fecha y hora del registro | |
| control field | 20260421102550.0 |
| 008 - Elementos de Longitud Fija | |
| fixed length control field | 260306t9999||||xx |||||||||||||| ||spa|| |
| 020 ## - ISBN | |
| ISBN | 9789972516993 |
| 041 ## - Idioma | |
| Codigo Idioma | ESP |
| 082 ## - DEWEY y NOTACIÓN INTERNA | |
| Dewey | 985.04 |
| Notación Interna | M523 |
| 100 ## - AUTOR | |
| Autor denominación | Mc Evoy, Carmen |
| Término de relación | editor |
| 245 #0 - TÍTULO DE MATERIAL BIBLIOGRÁFICO | |
| Título | Tiempo de guerra : |
| Título paralelo | estado, nación y conflicto armado en el Perú, siglos XVII-XIX |
| 250 ## - EDICIÓN | |
| Edición | Primera edición, primera reimpresión |
| 260 ## - CIUDAD, EDITORIAL, AÑO | |
| Ciudad | Lima : |
| Nombre de la Editorial | Instituto de Estudios Peruanos, |
| Año | 2022 |
| 300 ## - DESCRIPCIÓN | |
| N° Páginas | 570 páginas : |
| Otros detalles | ilustraciones ; |
| Dimensiones | 23 cm. |
| 650 ## - TEMAS | |
| Temas | Historia |
| 653 ## - DESCRIPTORES | |
| Lenguajes no controlado | Perú - Historia - Siglos XVII-XIX; Perú - Historia - Emancipación, 1808-1824; Estado - Perú |
| 654 ## - PROGRAMAS | |
| Programa | Dpto. de Humanidades |
| 700 ## - OTROS AUTORES | |
| Otros autores | Rabinovich, Alejandro M., |
| Termino Relacionado | editor |
| 856 ## - URL - UBICACIÓN | |
| URI/URL: Enlace exacto del recurso | <a href="https://0u20jxbjj-y-https-www-jstor-org.itmsp.museknowledge.com/">https://0u20jxbjj-y-https-www-jstor-org.itmsp.museknowledge.com/</a> |
| Nota pública: Versión digital | <a href="Véase además: Base de datos JSTOR">Véase además: Base de datos JSTOR</a> |
| 942 ## - ELEMENTOS DE KOHA | |
| Tipo de documento | Libro |
| Nombre del creador | Justo Noguera |
| Código de catalogador | Margarita Torres |
| Esquema de clasificación | Dewey Decimal Classification |
| Codigo completo | Registro | Colección | Copia número | Disponibilidad | Tipo de préstamo | Biblioteca Actual | Procedencia (Biblioteca) | Ubicacón | Fecha Ingreso | Tipo de Adquisición | Date last seen | Total checkouts | Price effective from | Tipo de Item | Estado del Material | Fuente de Clasificación | Damaged status | Withdrawn status |
|---|---|---|---|---|---|---|---|---|---|---|---|---|---|---|---|---|---|---|
| 985.04 M523 | 1085180 | Universidad Católica San Pablo | 1 | Disponible | Disponible | Víctor Andrés Belaunde | Víctor Andrés Belaunde | Planta baja abierta | 03/06/2026 | Compra | 06/03/2026 | 06/03/2026 | Libro | Bueno | Dewey Decimal Classification |




